000 00313nam a22001457a 4500
008 221212b ||||| |||| 00| 0 eng d
020 _a9781464111730
041 _aeng
080 _a159.9
082 _a159.9
100 _a25
101 _apsi
245 _aEXPLORING PSYCHOLOGY
_cMYERS G D
942 _2udc
_cBK
999 _c59153
_d59153